000 01566nam a2200217Ia 4500
003 Ost
005 20260507075529.0
008 260507s9999||||xx |||||||||||||| ||und||
020 _a82848499319
040 _cfsecg
041 _aara
082 _a658
100 _aكافي، يوسف مصطفى
_eمؤلف
245 0 _aإدارة راس المال العام /
_c يوسف مصطفى كافي
260 _aقسنطينة:
_bألفا للوثائق,
_c2017
300 _a298 صفحة؛
_bإيضاحات ؛
_c24 سم
504 _aببليوغرافيا:ص.295
520 _aماهية الإدارة النقدية -مفهوم التدفقات وأهميتها -تخطيط النقدية -أساليب ادارة التقدية -تحديد الرصيد النقدي المناسب -ادارة راس المال العامل -الفشل والتعثر المالي في الشركات -ادارة سيولة النقدية -مؤشرات كفاءة راس المال العامل والتحليل المالي للسيولة -التحليل المالي لأغراض التنبؤ بالفشل المالي -ادارة مزيج الاستثمارات المؤقتة -تخطيط حسابات القبض(إجراءات منح الائتمان) -ادارة المخزون:تحديد الأدنى للمخزون والرقابة على المخزون -ادارة الخصوم المتداول كمصدر لتمويل الأصول المتداولة-مصادر التمويل قصيرة الأجل.
653 _aالسيولة النقدية
942 _cكتاب
999 _c44811
_d44811